Making a choice of business strategy in international context diplomová práca

Na minha lista:
Detalhes bibliográficos
Autor principal: Kohut, Miroslav
Autor Corporativo: Ekonomická univerzita v Bratislave. Ústav medzinárodných programov
Outros Autores: Slávik, Štefan, 1955-
Formato: Livro
Idioma:inglês
Publicado em: Bratislava 2012
Tags: Adicionar Tag
Sem tags, seja o primeiro a adicionar uma tag!

MARC

LEADER 00000nam$a2200000$$$4500
001 0157630
005 20240318114515.3
041 0 |a eng 
044 |a SK 
245 1 0 |a Making a choice of business strategy in international context  |b diplomová práca  |c Miroslav Kohut ; školiteľ: Štefan Slávik 
264 1 |a Bratislava  |c 2012 
300 |a 98 s. 
100 1 |a Kohut, Miroslav 
700 1 |a Slávik, Štefan, 1955- 
710 2 |a Ekonomická univerzita v Bratislave. Ústav medzinárodných programov